00533nam a2200193 a 4500001001300000003000900013005001700022008004100039020002300080082001700103100001800120245005000138260004000188300000900228500003500237505003000272650001900302700001800321nice12345678IN_TiNIC20260116014128.0100216s2009 newa grp 000 0 eng  a8125026576 c37500a907.202bSRE aSreedharan, E aTextbook of Histoiographyb 500 BC to Ad 2000 aNew Delhi bOrient Blackswan c2009 a570p aincludes index and biblioraphy2 areferences, biblio, index aHistoriography1 aSreedharan, E